000 00322nam a22001217a 4500
020 _a8122411096
082 _222
_a621.977
100 _aSengupta, R.
245 _aPrinciples of reliable soldering techniques /
260 _aNew Delhi,
_bNew Age International,
_cc1997.
300 _a105 p. ;
_bill. ;
_c24 cm.
942 _2ddc
_cEE
999 _c65
_d65